|
|
|
|
| LEADER |
00000cam a2200000 7i4500 |
| 001 |
0000000444 |
| 005 |
20000817.0 |
| 020 |
0 |
0 |
|a 0933595387
|
| 090 |
0 |
0 |
|a 634.9
|b TRE 1990
|
| 245 |
0 |
0 |
|a TREE improvement of multipurpose species
|c edited by Nancy Glover and Norma Adams
|
| 260 |
0 |
0 |
|a (s.l.) :
|b Winrock International Institute for Agricultural Development ,
|c 1990
|
| 300 |
|
|
|a 112 p. :
|b ill. ;
|c 27 cm.
|
| 440 |
0 |
0 |
|a Multipurpose tree species network technical series; v. 2
|
| 500 |
0 |
0 |
|a Includes bibliographical references
|
| 650 |
0 |
0 |
|a Multipurpose trees
|x Breeding
|
| 650 |
0 |
0 |
|a Mutipurpose trees
|
| 700 |
0 |
1 |
|a Adams
|h Norma
|
| 700 |
0 |
1 |
|a Glover
|h Nancy
|
| 999 |
|
|
|a 0000001581
|b Monograph
|c Open Shelf
|e Default branch
|